000 00647nam a2200241Ia 4500
003 OSt
005 20220924135446.0
006 a|||||r|||| 00| 0
007 ta
008 220923b |||||||| |||| 00| 0 urd d
024 _a291273
037 _cTextual
040 _aARTS
_cARTS
_burd
041 _2urd
_aurd
082 _aO168,1K32,1, G8;Q1
100 _aIbne-e-Nishati
_9210360
245 0 _aPhoolban
260 _c1938
650 _aURDU POETRY
700 _a Sarawari Abdul Qadir Ed.
_9210361
942 _hO168,1K32,1, G8;Q1
_cTEXL
_2CC
999 _c440785
_d440785